From Fauvism to Impressionism : Albert Marquet : an exhibition from the Centre Pompidou in Paris /

Bibliographic Details
Main Author: Marquet, Albert, 1875-1947
Corporate Authors: Centre Georges Pompidou, Columbia Museum of Art
Other Authors: Schulmann, Didier, Setford, David F., Duval, Cynthia
Format: Book
Language:English
Published: Basalt, CO : New York, NY : ArtReach International ; Universe Pub. : [2001]
Subjects:

MARC

Tag First Indicator Second Indicator Subfields
LEADER 00000cam a2200000Ia 4500
001 in00001692002
005 20151024134515.0
008 020506s2001 coua bc 000 0 eng d
020 |a 0971326800 
035 |a (OCoLC)ocm49725131 
040 |a INT  |c INT  |d TXA  |d UtOrBLW 
049 |a TXAM 
090 |a N6853.M28  |b A4 2001 
100 1 |a Marquet, Albert,  |d 1875-1947. 
245 1 0 |a From Fauvism to Impressionism :  |b Albert Marquet : an exhibition from the Centre Pompidou in Paris /  |c French curatorial team, Didas printed] [and others] ; American curatorial team, David Setford, Cynthia Duval ; with catalog contributions from David F. Setford [and others]. 
246 3 0 |a Albert Marquet 
264 1 |a Basalt, CO :  |b ArtReach International ;  |a New York, NY :  |b Universe Pub. :  |c [2001] 
264 2 |a New York, NY :  |b Distributed to the U.S. trade by St. Martin's Press, 
264 4 |c ©2001 
300 |a 104 pages :  |b illustrations (some color), map ;  |c 31 cm. 
336 |a text  |b txt  |2 rdacontent 
337 |a unmediated  |b n  |2 rdamedia 
338 |a volume  |b nc  |2 rdacarrier 
500 |a Catalog of an exhibition held at the Columbia Museum of Art, Columbia, S.C., Oct. 13-Dec. 30, 2001, and elsewhere. 
504 |a Includes bibliographical references. 
600 1 0 |a Marquet, Albert,  |d 1875-1947  |v Exhibitions. 
700 1 |a Schulmann, Didier. 
700 1 |a Setford, David F. 
700 1 |a Duval, Cynthia. 
710 2 |a Centre Georges Pompidou. 
710 2 |a Columbia Museum of Art. 
948 |a cataloged  |b h  |c 2002/6/24  |d c  |e jgreene  |f 2:24:35 pm 
994 |a E0  |b TXA 
999 |a MARS 
999 f f |s 7a0ee7a3-11bf-37c8-9d84-c7eceb4a41e8  |i 54735316-479c-3b9c-9190-3a31be536506  |t 0 
952 f f |p noncirc  |a Texas A&M University  |b J.J. Pickle Campus  |c High Density Repository  |d Remote Storage  |t 0  |e N6853.M28 A4 2001  |h Library of Congress classification  |i unmediated -- volume  |m A14828967338 
998 f f |a N6853.M28 A4 2001  |t 0  |l Remote Storage